\

Contemporary terrorism studies / (Record no. 30509)

MARC details
000 -LEADER
fixed length control field 01028cam a2200337 i 4500
001 - CONTROL NUMBER
control field 22332764
005 - DATE AND TIME OF LATEST TRANSACTION
control field 20260410154022.0
008 - FIXED-LENGTH DATA ELEMENTS--GENERAL INFORMATION
fixed length control field 211203s2022 xxka b 001 0 eng
010 ## - LIBRARY OF CONGRESS CONTROL NUMBER
LC control number 2021951946
020 ## - INTERNATIONAL STANDARD BOOK NUMBER
International Standard Book Number 9780198829560
040 ## - CATALOGING SOURCE
Original cataloging agency DLC
Language of cataloging eng
Description conventions rda
Transcribing agency DLC
Modifying agency DL C
041 ## - LANGUAGE CODE
Language code of text/sound track or separate title eng
042 ## - AUTHENTICATION CODE
Authentication code pcc
050 00 - LIBRARY OF CONGRESS CALL NUMBER
Classification number HV6431
Item number .C6538 2022
245 00 - TITLE STATEMENT
Title Contemporary terrorism studies /
Statement of responsibility, etc. edited by Diego Muro, Tim Wilson.
264 #1 - PRODUCTION, PUBLICATION, DISTRIBUTION, MANUFACTURE, AND COPYRIGHT NOTICE
Place of production, publication, distribution, manufacture Oxford, United Kingdom :
Name of producer, publisher, distributor, manufacturer Oxford University Press,
Date of production, publication, distribution, manufacture, or copyright notice 2022.
264 #4 - PRODUCTION, PUBLICATION, DISTRIBUTION, MANUFACTURE, AND COPYRIGHT NOTICE
Date of production, publication, distribution, manufacture, or copyright notice © 2022
300 ## - PHYSICAL DESCRIPTION
Extent xxvii, 617 pages :
Other physical details illustrations chiefly color ;
Dimensions 25 cm
336 ## - CONTENT TYPE
Content type term text
Source rdacontent
337 ## - MEDIA TYPE
Media type term unmediated
Source rdamedia
338 ## - CARRIER TYPE
Carrier type term volume
Source rdacarrier
504 ## - BIBLIOGRAPHY, ETC. NOTE
Bibliography, etc. note Includes bibliographical references and index.
650 #0 - SUBJECT ADDED ENTRY--TOPICAL TERM
Topical term or geographic name entry element Terrorism
General subdivision Study and teaching.
650 #0 - SUBJECT ADDED ENTRY--TOPICAL TERM
Topical term or geographic name entry element Terrorism
General subdivision Prevention
650 #0 - SUBJECT ADDED ENTRY--TOPICAL TERM
Topical term or geographic name entry element Terrorism.
650 #0 - SUBJECT ADDED ENTRY--TOPICAL TERM
Topical term or geographic name entry element National security.
700 1# - ADDED ENTRY--PERSONAL NAME
Personal name Muro, Diego,
Relator term editor.
700 1# - ADDED ENTRY--PERSONAL NAME
Personal name Wilson, Tim,
Relator term editor.
942 ## - ADDED ENTRY ELEMENTS (KOHA)
Source of classification or shelving scheme Library of Congress Classification
Koha item type Books
Suppress in OPAC No
Holdings
Withdrawn status Lost status Source of classification or shelving scheme Damaged status Not for loan Collection Home library Current library Date acquired Total checkouts Full call number Barcode Date last seen Copy number Price effective from Koha item type
    Library of Congress Classification     College of Security and Global Studies (CSGS) MAIN MAIN 04/10/2026   HV6431 .C6538 2022 (C.1) 00000128 04/10/2026 1 04/10/2026 Books
    Library of Congress Classification     College of Security and Global Studies (CSGS) MAIN MAIN 04/10/2026   HV6431 .C6538 2022 (C.2) 00000129 04/10/2026 2 04/10/2026 Books
    Library of Congress Classification     College of Security and Global Studies (CSGS) MAIN MAIN 04/10/2026   HV6431 .C6538 2022 (C.3) 00000130 04/10/2026 3 04/10/2026 Books